Emily's runaway imagination / (Record no. 2484)

MARC details
000 -LEADER
fixed length control field 00885cam a22002651a 4500
005 - DATE AND TIME OF LATEST TRANSACTION
control field 20231212144220.0
020 ## - INTERNATIONAL STANDARD BOOK NUMBER
International Standard Book Number 0688212670
020 ## - INTERNATIONAL STANDARD BOOK NUMBER
International Standard Book Number 071009002951
040 ## - CATALOGING SOURCE
Original cataloging agency DLC
Transcribing agency ODaWU
Modifying agency OCoLC
-- O
-- DLC
Language of cataloging eng
050 00 - LIBRARY OF CONGRESS CALL NUMBER
Classification number PZ7.C5792
Item number Em
082 ## - DEWEY DECIMAL CLASSIFICATION NUMBER
Classification number 813.54
100 1# - MAIN ENTRY--PERSONAL NAME
Personal name Cleary, Beverly
245 10 - TITLE STATEMENT
Title Emily's runaway imagination /
Statement of responsibility, etc. Beverly Cleary ; illustrated by Beth and Joe Krush
260 ## - PUBLICATION, DISTRIBUTION, ETC.
Place of publication, distribution, etc. New York :
Name of publisher, distributor, etc. Dell Publishing Co.,
Date of publication, distribution, etc. 1961
300 ## - PHYSICAL DESCRIPTION
Extent 221 pages :
Other physical details illustrations
Dimensions 21 cm
505 ## - FORMATTED CONTENTS NOTE
Formatted contents note Z
520 ## - SUMMARY, ETC.
Summary, etc. Emily decides that the town of Pitchfork needs a library, and comes up with a plan to make it happen. Can she make her dream come true?
521 ## - TARGET AUDIENCE NOTE
Target audience note 910
Source Lexile
521 ## - TARGET AUDIENCE NOTE
Target audience note Z
Source Raz-Plus
700 1# - ADDED ENTRY--PERSONAL NAME
Personal name Krush, Beth
Relator term illustrator
700 1# - ADDED ENTRY--PERSONAL NAME
Personal name Krush, Joe
Relator term illustrator
906 ## - LOCAL DATA ELEMENT F, LDF (RLIN)
a 7
b cbc
c oclcrpl
d u
e ncip
f 19
g y-gencatlg
942 ## - ADDED ENTRY ELEMENTS (KOHA)
Source of classification or shelving scheme Dewey Decimal Classification
Koha item type Books
Suppress in OPAC No
999 ## -
-- 2484
-- 2484
Holdings
Withdrawn status Lost status Source of classification or shelving scheme Damaged status Not for loan Collection Home library Current library Shelving location Date acquired Total Checkouts Full call number Barcode Date last seen Price effective from Koha item type
    Dewey Decimal Classification     Juvenile Fiction Footprints International School Library Network Toul Kork Campus Footprints International School Library Network Toul Kork Campus TTP Secondary Fiction Bookshelves 12/12/2023   CLE 813.54 PZ7.C5792 FIS00713 12/12/2023 12/12/2023 Books